[Event "Barcelona Tres Peons op"]
[Site "Barcelona"]
[Date "1999.??.??"]
[Round "3"]
[White "Masque Vergara, Ramon"]
[Black "Iglesias Lopez, Albert"]
[Result "1-0"]
[WhiteElo "1990"]
[BlackElo "1830"]
[PlyCount "50"]
[EventDate "1999.??.??"]
[EventType "swiss"]
[EventRounds "9"]
[EventCountry "ESP"]
[SourceTitle "EXT 2000"]
[Source "ChessBase"]
[SourceDate "1999.11.16"]
[SourceVersion "1"]
[SourceVersionDate "1999.11.16"]
[SourceQuality "1"]

1. e4 e5 2. Nf3 Nc6 3. Bb5 a6 4. Ba4 Nf6 5. 0-0 b5 6. Bb3 Be7 7. Re1 0-0 8. d4 Nxd4 9. Bxf7+ Rxf7 10. Nxe5 Ne6 11. Nxf7 Kxf7 12. e5 Ne8 13. Qf3+ Kg8 14. Qxa8 c6 15. Be3 N8c7 16. Qa7 Nd5 17. Nc3 Nxe3 18. Qxe3 Bc5 19. Qg3 d6 20. Rad1 Qf8 21. Ne4 dxe5 22. Nxc5 Qxc5 23. Qxe5 Qf8 24. Rd6 Nf4 25. Qe8 Bh3 1-0

[Event "Sant Boi op"]
[Site "Sant Boi de Llobregat"]
[Date "1998.??.??"]
[Round "7"]
[White "De Esteban Lucea, Xavier"]
[Black "Masque Vergara, Ramon"]
[Result "1-0"]
[WhiteElo "2060"]
[BlackElo "2005"]
[PlyCount "71"]
[EventDate "1998.??.??"]
[EventType "swiss"]
[EventRounds "8"]
[EventCountry "ESP"]
[SourceTitle "EXT 2003"]
[Source "ChessBase"]
[SourceDate "2002.11.25"]
[SourceVersion "1"]
[SourceVersionDate "2002.11.25"]
[SourceQuality "1"]

1. c4 Nf6 2. Nc3 g6 3. g3 Bg7 4. Bg2 0-0 5. Nf3 d6 6. d4 a6 7. 0-0 Nc6 8. h3 Rb8 9. Bd2 Nd7 10. e3 e5 11. dxe5 Ndxe5 12. Nxe5 Nxe5 13. b3 Be6 14. Rc1 Qd7 15. Kh2 h5 16. Ne2 Qe7 17. Bc3 Bd7 18. Nd4 Qe8 19. Qd2 Nc6 20. Rfe1 Nd8 21. Ba5 b6 22. Bc3 Ne6 23. Nf3 Bc6 24. Bxg7 Nxg7 25. Nd4 Bxg2 26. Kxg2 h4 27. g4 c5 28. Nf3 Qe7 29. Qd5 Kh8 30. Rcd1 Rfd8 31. Qg5 Qxg5 32. Nxg5 Rd7 33. Rxd6 Rxd6 34. Nxf7+ Kg8 35. Nxd6 Rd8 36. Ne4 1-0

[Event "Sant Boi op"]
[Site "Sant Boi de Llobregat"]
[Date "1998.??.??"]
[Round "1"]
[White "Perales Galindo, Eduard"]
[Black "Masque Vergara, Ramon"]
[Result "0-1"]
[WhiteElo "2180"]
[BlackElo "2005"]
[PlyCount "88"]
[EventDate "1998.??.??"]
[EventType "swiss"]
[EventRounds "8"]
[EventCountry "ESP"]
[SourceTitle "EXT 2003"]
[Source "ChessBase"]
[SourceDate "2002.11.25"]
[SourceVersion "1"]
[SourceVersionDate "2002.11.25"]
[SourceQuality "1"]

1. e4 Nf6 2. Nc3 d5 3. d4 dxe4 4. Bg5 h6 5. Bh4 Bf5 6. Bxf6 exf6 7. g4 Bg6 8. Qe2 Bd6 9. 0-0-0 0-0 10. Bg2 Nc6 11. d5 Nb4 12. a3 a5 13. Nxe4 Bf4+ 14. Kb1 Qe8 15. Nh3 Bd6 16. Rhe1 Qa4 17. f4 f5 18. Nc3 Qxc2+ 19. Qxc2 Nxc2 20. Kxc2 fxg4+ 21. Be4 gxh3 22. f5 Bh7 23. Rg1 f6 24. Rg4 Rfe8 25. Rdg1 Bf8 26. Kb3 Re5 27. Rh4 Kf7 28. Rf1 Ke7 29. Rxh3 Bg8 30. Kc2 Kd7 31. Rd3 Rae8 32. Bg2 Bh7 33. Bh3 Re3 34. Kd2 Rxd3+ 35. Kxd3 Re5 36. Kc4 b6 37. b4 axb4 38. axb4 Bg8 39. b5 Kd6 40. Bg2 Bf7 41. Ra1 Rxf5 42. Ra8 Be7 43. Kd4 Rh5 44. Bf3 Rh4+ 0-1